00688nam a2200169 4500003000900000020002400009040002800033082001900061245012400080260006800204300004900272500004700321650003100368650002400399650003500423700006000458CO-ViMGA a9879581804016 (v.1) aCO-ViMGAbspacCO-ViMGA04a303.6861 bC6510aAtlas del impacto regional del conflicto armado en Colombia :bDinámicas locales y regionales en el periodo 1990-2013 aBogota :bConsejo Presidencial para los Derechos Humanos,c2013 a921 p. :bmapas, fot., graf.,cuadrose32 cm. aIncluye listado de figuras, mapas y tablas14aConflicto armadozColombia14aGuerrillazColombia14aMinas antipersonaleszColombia1 aSantos, Juan ManuelePresidente de Colombia 2010 - 2018